| 000 | 00920nam a2200229 a 4500 | ||
|---|---|---|---|
| 001 | 43804 | ||
| 003 | BD-RjUL | ||
| 005 | 20211209053744.0 | ||
| 008 | 160627s1996 bg ||||| |||| 00| 0 ben d | ||
| 020 |
_a9844013534 _c :Tk.150.00 |
||
| 035 | _a(BD-RjUL)43922 | ||
| 040 |
_aBD-RjUL _beng _cBD-RjUL _dBD-RjUL |
||
| 041 | _aeng | ||
| 082 |
_223 _a954.92 _bBIB 1996 |
||
| 100 |
_aবিশ্বাস, সুকুমার _9122195 |
||
| 245 | 1 | 0 |
_aবাংলাদেশের মুক্তিযুদ্ধের ইতিহাস / _cসুকুমার বিশ্বাস |
| 260 |
_aঢাকা : _bআগামী প্রকাশনী, _c১৯৯৬ |
||
| 300 |
_a২৩৭ পৃ. : _bচিত্র ; _c২৩ সেমি. |
||
| 651 |
_aবাংলাদেশ _vইতিহাস _yবিপ্লব , 1971 _9134639 |
||
| 651 |
_aBangladesh _vHistory _yRevolution, 1971. _9134640 |
||
| 942 |
_2ddc _cBK |
||
| 999 |
_c43804 _d43804 |
||